| 000 | 00457nam a2200157 i 4500 | ||
|---|---|---|---|
| 020 |
_a0891934049 : _c$7.95 |
||
| 050 | 0 | 0 |
_aHG 4921 _b.N4 1976 |
| 100 | 1 | _a[Newman, Joseph] | |
| 245 | 1 | 0 |
_aStocks, bonds & mutual funds / _cJoseph Newman, directing editor. |
| 250 | _aRev. | ||
| 260 |
_aWashington : _bU.S. News & World Report Books, _c1976, c1973. |
||
| 300 | _a255 p. : | ||
| 500 | _aIncludes index. | ||
| 650 | 0 | _xHandbooks, manuals, etc. | |
| 942 |
_2lcc _cGEN |
||
| 999 |
_c8189 _d8189 |
||